<?xml version="1.0" encoding="UTF-8"?>
<record
    xmlns:xsi="http://www.w3.org/2001/XMLSchema-instance"
    xsi:schemaLocation="http://www.loc.gov/MARC21/slim http://www.loc.gov/standards/marcxml/schema/MARC21slim.xsd"
    xmlns="http://www.loc.gov/MARC21/slim">

  <leader>04746cam a22003495a 4500</leader>
  <controlfield tag="001">18654489</controlfield>
  <controlfield tag="005">20161020111645.0</controlfield>
  <controlfield tag="008">150611s2015    nju      b    001 0 eng  </controlfield>
  <datafield tag="010" ind1=" " ind2=" ">
    <subfield code="a">  2015013221</subfield>
  </datafield>
  <datafield tag="020" ind1=" " ind2=" ">
    <subfield code="a">9781118774632 (hardback)</subfield>
  </datafield>
  <datafield tag="020" ind1=" " ind2=" ">
    <subfield code="z">1118774639 (hardback)</subfield>
  </datafield>
  <datafield tag="040" ind1=" " ind2=" ">
    <subfield code="a">DLC</subfield>
    <subfield code="b">eng</subfield>
    <subfield code="c">DLC</subfield>
    <subfield code="d">EG-ScBUE </subfield>
  </datafield>
  <datafield tag="042" ind1=" " ind2=" ">
    <subfield code="a">pcc</subfield>
  </datafield>
  <datafield tag="082" ind1="0" ind2="4">
    <subfield code="a">332.10681</subfield>
    <subfield code="2">22</subfield>
    <subfield code="b">WIl</subfield>
  </datafield>
  <datafield tag="100" ind1="1" ind2=" ">
    <subfield code="a">Wilson, Thomas C.,&#x200F;</subfield>
    <subfield code="d">1961-&#x200F; </subfield>
    <subfield code="9">41583</subfield>
  </datafield>
  <datafield tag="245" ind1="1" ind2="0">
    <subfield code="a">Value and capital management :</subfield>
    <subfield code="b">a handbook for the finance and risk functions of financial institutions /</subfield>
    <subfield code="c">Thomas C. Wilson.</subfield>
  </datafield>
  <datafield tag="260" ind1=" " ind2=" ">
    <subfield code="a">Chichester, West Sussex : </subfield>
    <subfield code="b">John Wiley &amp; Sons Ltd,</subfield>
    <subfield code="c">2015.</subfield>
  </datafield>
  <datafield tag="300" ind1=" " ind2=" ">
    <subfield code="a">xxiii, 695 p. :</subfield>
    <subfield code="b">ill. ;</subfield>
    <subfield code="c">26 cm.</subfield>
  </datafield>
  <datafield tag="490" ind1="0" ind2=" ">
    <subfield code="a">The Wiley finance series</subfield>
  </datafield>
  <datafield tag="500" ind1=" " ind2=" ">
    <subfield code="a">Index : p. 675-695.</subfield>
  </datafield>
  <datafield tag="504" ind1=" " ind2=" ">
    <subfield code="a">Bibliography : p. 653-674.</subfield>
  </datafield>
  <datafield tag="505" ind1="8" ind2=" ">
    <subfield code="a">Pt.I: Introduction: Chapter 1: Why is Value Management Important? -- Chapter 2: How do CFOs and CROs Add Value? --  Pt II: Better Information - Measuring Value: Chapter 3: RAPMs - The Industry Standard Chapter 4: Two Challenges in Using RAPMs -- Chapter 5: Valuing Financial Services - The Theory -- Chapter 6: Valuing Financial Services - The Evidence -- Chapter 7: Market Consistent Valuation for Insurers -- Part III: Better Insights - Managing Value: Chapter 8: Property and Casualty Insurance -- Chapter 9: Life and Health Insurance -- Chapter 10: Banking -- Chapter 11: Achieving Profitable Growth -- Chapter 12: Achieving Operating Efficiency -- Part IV: Better Decisions - Capital, Balance Sheet and Risk Management: Chapter 13: Corporate Strategy and Capital Allocation -- Chapter 14: Strategic Planning and Performance Management -- Chapter 15: Balance Sheet Management -- Chapter 16: Economics of Asset / Liability Management -- Chapter 17: The Practical Aspects of Asset / Liability Management -- Chapter 18: Cash and Liquidity Management -- Chapter 19: Managing the Capital and Funding Structure -- Chapter 20: Risk Management -- Chapter 21: Risk Governance and Organization --  Chapter 22: Risk Identification and Evaluation -- Chapter 23: Risk Underwriting - Strategy and Governance -- Chapter 24: Risk Underwriting - Technical Tools -- Chapter 25: Risk Underwriting - From Technical Pricing to Value Maximization -- Chapter 26: Managing Operational and Reputational Risks --  Chapter 27: Risk and Limit Controlling.</subfield>
  </datafield>
  <datafield tag="520" ind1=" " ind2=" ">
    <subfield code="a">"A value management framework designed specifically for banking and insurance  The Value Management Handbook is a comprehensive, practical reference written specifically for bank and insurance valuation and value management. Spelling out how the finance and risk functions add value in their respective spheres, this book presents a framework for measuring - and more importantly, influencing - the value of the firm from the position of the CFO and CRO. Case studies illustrating value-enhancing initiatives are designed to help Heads of Strategy offer CEOs concrete ideas toward creating more value, and discussion of "hard" and "soft" skills put CFOs and CROs in a position to better influence strategy and operations. The challenge of financial services valuation is addressed in terms of the roles of risk and capital, and business-specific "value trees" demonstrate the source of successful value enhancement initiatives. While most value management resources fail to adequately address the unique role of risk and capital in banks, insurance, and asset management, this book fills the gap by providing concrete, business-specific information that connects management actions and value creation, helping readers to:    Measure value accurately for more productive value-based management initiatives and evaluation of growth opportunities   Apply a quantitative, risk-adjusted value management framework reconciled with the way financial services shares are valued by the market   Develop a value set specific to the industry to inspire initiatives that increase the firm's value   Study the quantitative and qualitative management frameworks that move CFOs and CROs from measurement to management    The roles of CFO and CRO in financial firms have changed dramatically over the past decade, requiring business savvy and the ability to challenge the CEO. The Value Management Handbook provides the expert guidance that leads CFOs and CROs toward better information, better insight, and better decisions"--</subfield>
  </datafield>
  <datafield tag="590" ind1=" " ind2=" ">
    <subfield code="a">Wessam</subfield>
  </datafield>
  <datafield tag="650" ind1=" " ind2="7">
    <subfield code="a">Banks and banking.</subfield>
    <subfield code="2">BUEsh</subfield>
    <subfield code="9">5607</subfield>
  </datafield>
  <datafield tag="650" ind1=" " ind2="7">
    <subfield code="a">Financial services industry.</subfield>
    <subfield code="2">BUEsh</subfield>
    <subfield code="9">3475</subfield>
  </datafield>
  <datafield tag="650" ind1=" " ind2="7">
    <subfield code="a">Risk management.</subfield>
    <subfield code="2">BUEsh</subfield>
    <subfield code="9">12222</subfield>
  </datafield>
  <datafield tag="651" ind1=" " ind2=" ">
    <subfield code="2">BUEsh</subfield>
  </datafield>
  <datafield tag="653" ind1=" " ind2=" ">
    <subfield code="b">BUSADM</subfield>
    <subfield code="c">October2016</subfield>
  </datafield>
  <datafield tag="856" ind1="4" ind2="2">
    <subfield code="3">Cover image</subfield>
    <subfield code="u">http://catalogimages.wiley.com/images/db/jimages/9781118774632.jpg</subfield>
  </datafield>
  <datafield tag="942" ind1=" " ind2=" ">
    <subfield code="2">ddc</subfield>
    <subfield code="e">22</subfield>
    <subfield code="k">332.10681 WIL</subfield>
  </datafield>
  <datafield tag="999" ind1=" " ind2=" ">
    <subfield code="c">22729</subfield>
    <subfield code="d">22701</subfield>
  </datafield>
  <datafield tag="952" ind1=" " ind2=" ">
    <subfield code="0">0</subfield>
    <subfield code="1">0</subfield>
    <subfield code="2">ddc</subfield>
    <subfield code="4">0</subfield>
    <subfield code="7">0</subfield>
    <subfield code="8">Academic</subfield>
    <subfield code="a">MAIN</subfield>
    <subfield code="b">MAIN</subfield>
    <subfield code="c">1ST</subfield>
    <subfield code="d">2016-10-19</subfield>
    <subfield code="e">Purchase</subfield>
    <subfield code="g">956.00</subfield>
    <subfield code="h">9154</subfield>
    <subfield code="l">0</subfield>
    <subfield code="o">332.10681 WIl</subfield>
    <subfield code="p">000033955</subfield>
    <subfield code="r">2025-07-15 00:00:00</subfield>
    <subfield code="v">1195.00</subfield>
    <subfield code="y">BB</subfield>
  </datafield>
</record>
